Economic Synergy: Liquidity and Activity in V4 Enterprises
Cieľom štúdie je poskytnúť komplexné pochopenie problematiky korelácie medzi likviditou a aktivitou vo firmách V4. Autori skúmajú vzájomný vplyv a kolektívny príspevok týchto dvoch faktorov na regionálnu ekonomickú dynamiku. Zároveň analyzujú základné prvky, ktoré ovplyvňujú toto spojenie a poskytu...
Saved in:
| Main Author: | |
|---|---|
| Other Authors: | , |
| Format: | Book Chapter |
| Language: | English |
| Subjects: | |
| Tags: |
No Tags, Be the first to tag this record!
|
MARC
| LEADER | 00000naa a2200000 4500 | ||
|---|---|---|---|
| 001 | 0303133 | ||
| 005 | 20240722092237.1 | ||
| 041 | 0 | |a eng | |
| 044 | |a SK | ||
| 245 | 1 | 0 | |a Economic Synergy: Liquidity and Activity in V4 Enterprises |c Roman Blažek, Jaroslaw Korpysa, Vytautas Juscius |
| 520 | |a Cieľom štúdie je poskytnúť komplexné pochopenie problematiky korelácie medzi likviditou a aktivitou vo firmách V4. Autori skúmajú vzájomný vplyv a kolektívny príspevok týchto dvoch faktorov na regionálnu ekonomickú dynamiku. Zároveň analyzujú základné prvky, ktoré ovplyvňujú toto spojenie a poskytujú presné návrhy pre komerčné prostredie. | ||
| 610 | 2 | 0 | |a synergia |
| 610 | 2 | 0 | |a likvidita podniku |
| 610 | 2 | 0 | |a aktivita hospodárska |
| 610 | 2 | 0 | |a Vyšehradská štvorka |
| 610 | 2 | 0 | |a korelácia |
| 100 | 1 | |a Blažek, Roman | |
| 700 | 1 | |a Korpysa, Jaroslaw | |
| 700 | 1 | |a Juscius, Vytautas | |